| 000 | 02478nmm a2200265 a 4500 | ||
|---|---|---|---|
| 003 | CO-CtgCURN | ||
| 005 | 20250721202713.0 | ||
| 008 | 240220s2023 xx f 000 0 und dd | ||
| 040 |
_aCO-CtgCURN _bspa _ccoctgcurn |
||
| 082 |
_aTSO 2023 _bC485a |
||
| 100 |
_aCharris Santiz, Claudia Patricia _eautor _99131 |
||
| 245 | 0 |
_aAnálisis de casos de violencia intrafamiliar contra las mujeres habitantes del barrio el Concord del municipio de Malambo, Departamento del Atlántico, durante la pandemia del COVID 19 en el periodo 2020-2021 _h[electronic resource] / _cClaudia Patricia Charris Santiz; tutor., Rafael Alberto Zambrano Vanegas |
|
| 260 |
_aBarranquilla, Atlántico : _bCorporación Universitaria Rafael Núñez, _c2023 |
||
| 300 |
_a1 recurso en línea (83 páginas (PDF)) : _btablas, imágenes |
||
| 502 | _aTrabajo de Grado (Trabajadora Social). Corporación Universitaria Rafael Núñez. Facultad de Ciencias Sociales y Humanas. Programa de Trabajo Social, 2023 | ||
| 505 | _aIncluye referencias bibliográficas | ||
| 520 | _aLa investigación tiene como objetivo principal analizar cinco (5) casos de violencia intrafamiliar en mujeres habitantes del barrio El Concord del municipio de Malambo, departamento del Atlántico, durante la pandemia del Covid 19, en el periodo 2020-2021. La investigación cualitativa permite extraer descripciones a partir de observaciones que adoptan la forma de entrevista, narraciones notas de campo, la mayor parte de los estudios cualitativos están preocupados por el entorno de los acontecimientos y centra su indagación en aquellos contextos naturales, o tomados tal y como se encuentran más que reconstruido o modificados por el investigador, en los que los seres humanos se implican e interesan, evalúan y experimentan directamente. Por otro lado, la metodología cualitativa permite una mirada humanista, los métodos mediante los cuales se estudian a las personas necesariamente influyen sobre el modo en que las vemos. | ||
| 521 | _aAREA PROFESIONAL | ||
| 590 | _aPrograma de Trabajo Social_26 | ||
| 650 |
_aTrabajo Social _vTesis y disertaciones académicas _99132 |
||
| 700 |
_aZambrano Vanegas, Rafael Alberto _etutor _99133 |
||
| 856 |
_uhttps://unicurn.sharepoint.com/:b:/s/biblioteca/EXyFhjZUEntPlD1MlXgjXIEBLSmzarlY8YZoYhkn7lC1vQ?e=jqgcN4 _yConsulte aqui el texto completo |
||
| 942 |
_cTG _hTSO 2023 _iC485a _2ddc _n0 |
||
| 999 |
_c688 _d688 |
||